| 000 | 01056nji a22002657a 4500 | ||
|---|---|---|---|
| 005 | 20100831102949.0 | ||
| 006 | a|||||r|||||00| 0 | ||
| 007 | sd ammalaaahaa | ||
| 008 | 100830t xxu||||| |||| 00| 0 eng d | ||
| 028 |
_aN 88164 _bHis Master's Voice |
||
| 035 | _aGR-294 | ||
| 040 |
_aSED _cSED |
||
| 100 |
_917455 _aMukesh |
||
| 245 |
_aMeera ki pariksha - part 1 / _cby Mukesh ; music by G. N. Joshi ; compiled by Madhukar Rajasthani _h[sound recording] : |
||
| 246 | _a / मुकेश द्वारा | ||
| 260 |
_aDum Dum, India _bHis Master's Voice |
||
| 300 |
_a1 sound disc [Gramophone Recording]: _banalog, 33 1/3 rpm _c9.5 in. (MP) _fGramophone Record |
||
| 500 | _aBrief Record | ||
| 505 | _aSide-2 मीरा की परीक्षा - भाग 2 (Meera ki pariksha - part 2) (Mukesh) | ||
| 650 |
_aClassical music _zIndia _91186 _xExcerpts |
||
| 700 |
_917416 _aJoshi, G. N. |
||
| 700 |
_917456 _aMadukar Rajasthani |
||
| 942 |
_2ddc _cGR |
||
| 999 |
_c43393 _d43393 |
||